[Event "ENG-ch Seniors 65"]
[Site "Kenilworth"]
[Date "2025.04.24"]
[Round "1"]
[White "Morrish, John"]
[Black "Spanton, Timothy"]
[Result "0-1"]
[WhiteElo "1786"]
[BlackElo "1922"]
[PlyCount "50"]
[EventDate "2025.04.24"]
[EventType "swiss"]
[EventRounds "7"]
[EventCountry "ENG"]
[SourceTitle "CB18_2025"]
[SourceDate "2025.04.30"]
[SourceVersion "1"]
[SourceVersionDate "2025.04.30"]
[SourceQuality "1"]

1. e4 e5 2. Bc4 Bc5 3. Nf3 Nc6 4. b4 Bxb4 5. c3 Bd6 6. d4 Nf6 7. dxe5 Bxe5 8. Nxe5 Nxe5 9. Bb3 0-0 10. Bg5 h6 11. Bh4 Ng6 12. Bg3 Nxe4 13. 0-0 Nxg3 14. fxg3 d6 15. Nd2 Ne5 16. Qc2 Bd7 17. Rf4 a5 18. a3 Qe7 19. Raf1 Bb5 20. c4 Bc6 21. Ne4 Ng6 22. Rg4 h5 23. Rxg6 Bxe4 24. Qe2 fxg6 25. Re1 Qf6 0-1

[Event "Adeje Arona op"]
[Site "Adeje"]
[Date "2024.06.30"]
[Round "10"]
[White "Morrish, John"]
[Black "Rodriguez Falcon, Jesus Manuel"]
[Result "1/2-1/2"]
[WhiteElo "1778"]
[BlackElo "1999"]
[PlyCount "55"]
[EventDate "2024.06.22"]
[EventType "swiss"]
[EventRounds "10"]
[EventCountry "ESP"]
[SourceTitle "CBM 220 Extra"]
[Source "ChessBase"]
[SourceDate "2024.07.31"]
[SourceVersion "1"]
[SourceVersionDate "2024.07.31"]
[SourceQuality "1"]

1. e4 a6 2. d4 e6 3. Bd3 d5 4. e5 c5 5. c3 Bd7 6. Ne2 Bb5 7. 0-0 Bxd3 8. Qxd3 Qb6 9. dxc5 Qxc5 10. Nd2 Nd7 11. Nb3 Qc4 12. Qe3 Ne7 13. Nd2 Qc7 14. f4 Nf5 15. Qh3 Qb6+ 16. Kh1 Ne3 17. Rf3 Nd1 18. Nd4 Nc5 19. Qg3 Nxb2 20. Rb1 Nca4 21. Bxb2 Nxb2 22. Nc2 Rc8 23. Qe1 Rc5 24. Nb3 Nc4 25. Nxc5 Qxc5 26. Rxb7 Be7 27. Qf2 0-0 28. Qxc5 1/2-1/2

[Event "Adeje Arona op"]
[Site "Adeje"]
[Date "2024.06.24"]
[Round "4"]
[White "Morrish, John"]
[Black "Cruz Pino, Adrian"]
[Result "0-1"]
[WhiteElo "1778"]
[BlackElo "2047"]
[PlyCount "66"]
[EventDate "2024.06.22"]
[EventType "swiss"]
[EventRounds "10"]
[EventCountry "ESP"]
[SourceTitle "CBM 220 Extra"]
[Source "ChessBase"]
[SourceDate "2024.07.31"]
[SourceVersion "1"]
[SourceVersionDate "2024.07.31"]
[SourceQuality "1"]

1. e4 c5 2. d4 cxd4 3. c3 dxc3 4. Nxc3 Nc6 5. Nf3 e6 6. Bc4 d6 7. 0-0 Nge7 8. Bg5 f6 9. Be3 Ng6 10. Qe2 Be7 11. Rfd1 Kf7 12. Nd4 Nxd4 13. Rxd4 Ne5 14. Bb3 Nc6 15. Rd2 Rf8 16. Nd5 exd5 17. Bxd5+ Kg6 18. f4 h6 19. f5+ Kh7 20. Rf1 Ne5 21. Rf4 Rh8 22. Rh4 Bf8 23. Rc2 Bd7 24. Bd4 Rc8 25. Bc3 b5 26. Rd2 b4 27. Bd4 Rc1+ 28. Rd1 Rxd1+ 29. Qxd1 a5 30. Qe1 Qc8 31. h3 Be8 32. Bxe5 dxe5 33. Qe3 Bc5 0-1

[Event "Adeje Arona op"]
[Site "Adeje"]
[Date "2024.06.23"]
[Round "2"]
[White "Morrish, John"]
[Black "Hernandez Leon, Sergio"]
[Result "0-1"]
[WhiteElo "1778"]
[BlackElo "2144"]
[PlyCount "98"]
[EventDate "2024.06.22"]
[EventType "swiss"]
[EventRounds "10"]
[EventCountry "ESP"]
[SourceTitle "CBM 220 Extra"]
[Source "ChessBase"]
[SourceDate "2024.07.31"]
[SourceVersion "1"]
[SourceVersionDate "2024.07.31"]
[SourceQuality "1"]

1. e4 g6 2. d4 Bg7 3. Bc4 c6 4. Nc3 d6 5. f4 Qb6 6. Nf3 Nd7 7. Bb3 e6 8. e5 d5 9. Na4 Qc7 10. 0-0 Ne7 11. Qe1 b6 12. Nc3 Ba6 13. Ne2 c5 14. c3 Nc6 15. Be3 Na5 16. Nd2 cxd4 17. cxd4 Nxb3 18. Nxb3 Qc2 19. Rf2 Qxb2 20. Bc1 Qc2 21. Ba3 Bf8 22. Bxf8 Kxf8 23. Ng3 Qc7 24. Rc1 Bc4 25. f5 gxf5 26. Qb4+ Ke8 27. Nd2 b5 28. Nf3 a5 29. Qd2 Qd8 30. Qh6 Qe7 31. Nh4 Kd8 32. Nhxf5 exf5 33. Nxf5 Qe6 34. Qg5+ Kc7 35. Qf4 Kc6 36. Qf3 Nb6 37. Nd6 Ra7 38. Qa3 b4 39. Qb2 Rd7 40. Nxc4 Nxc4 41. Rf6 Kb7 42. Qc2 Qg4 43. Qa4 Qxd4+ 44. Kh1 Rc7 45. Qb5+ Ka8 46. Ra6+ Ra7 47. Qc6+ Kb8 48. Qb5+ Rb7 49. Qc6 Qxe5 0-1

[Event "Peterborough 4NCL Easter U2000 op"]
[Site "Peterborough"]
[Date "2024.04.01"]
[Round "7"]
[White "Morrish, John"]
[Black "Denning, Julie L"]
[Result "1/2-1/2"]
[WhiteElo "1840"]
[BlackElo "1757"]
[PlyCount "38"]
[EventDate "2024.03.29"]
[EventType "swiss"]
[EventRounds "7"]
[EventCountry "ENG"]
[SourceTitle "CBM 219 Extra"]
[Source "ChessBase"]
[SourceDate "2024.05.31"]
[SourceVersion "1"]
[SourceVersionDate "2024.05.31"]
[SourceQuality "1"]

1. e4 e5 2. Nf3 Nf6 3. d3 Nc6 4. Nc3 Bb4 5. a3 Bxc3+ 6. bxc3 0-0 7. Bg5 h6 8. Bh4 d6 9. Rb1 b6 10. h3 Re8 11. c4 Nb8 12. Nh2 Nbd7 13. Qd2 Nf8 14. Ng4 Bxg4 15. hxg4 Ng6 16. g3 Nxh4 17. Rxh4 Nh7 18. Bg2 Qg5 19. Qe2 Rab8 1/2-1/2

[Event "Peterborough 4NCL Easter U2000 op"]
[Site "Peterborough"]
[Date "2024.03.30"]
[Round "2"]
[White "Morrish, John"]
[Black "Lawrence, Simon1"]
[Result "1/2-1/2"]
[WhiteElo "1840"]
[BlackElo "1731"]
[PlyCount "69"]
[EventDate "2024.03.29"]
[EventType "swiss"]
[EventRounds "7"]
[EventCountry "ENG"]
[SourceTitle "CBM 219 Extra"]
[Source "ChessBase"]
[SourceDate "2024.05.31"]
[SourceVersion "1"]
[SourceVersionDate "2024.05.31"]
[SourceQuality "1"]

1. e4 e6 2. b3 b6 3. Bb2 Bb7 4. d3 c5 5. f4 d5 6. Nd2 Nf6 7. e5 Nfd7 8. Qg4 Nc6 9. Rc1 g6 10. Ngf3 Be7 11. Be2 h6 12. h4 Qc7 13. d4 0-0-0 14. c4 Kb8 15. cxd5 exd5 16. f5 gxf5 17. Qxf5 Rhg8 18. Rg1 Rg6 19. Nf1 Rdg8 20. Ne3 Qd8 21. Qf4 Ka8 22. g4 Bxh4+ 23. Kd2 Bf2 24. Rg2 Bxe3+ 25. Kxe3 Qe7 26. Bd3 R6g7 27. Bf5 cxd4+ 28. Bxd4 Nxd4 29. Qxd4 Nc5 30. Rh1 Ne6 31. Qd3 Qc5+ 32. Nd4 Nxd4 33. Qxd4 Qxd4+ 34. Kxd4 Rh8 35. Rgh2 1/2-1/2

[Event "Peterborough 4NCL Easter U2000 op"]
[Site "Peterborough"]
[Date "2024.03.30"]
[Round "3"]
[White "Morrish, John"]
[Black "Sengupta, Sohana"]
[Result "1/2-1/2"]
[WhiteElo "1840"]
[BlackElo "1594"]
[PlyCount "60"]
[EventDate "2024.03.29"]
[EventType "swiss"]
[EventRounds "7"]
[EventCountry "ENG"]
[SourceTitle "CBM 219 Extra"]
[Source "ChessBase"]
[SourceDate "2024.05.31"]
[SourceVersion "1"]
[SourceVersionDate "2024.05.31"]
[SourceQuality "1"]

1. e4 c5 2. d4 cxd4 3. c3 Nf6 4. e5 Nd5 5. cxd4 e6 6. Nc3 Nxc3 7. bxc3 Nc6 8. Nf3 d5 9. Bd3 Be7 10. Qc2 h6 11. 0-0 0-0 12. Be3 a6 13. Nd2 b5 14. f4 b4 15. f5 exf5 16. Bxf5 Bg5 17. Rae1 bxc3 18. Qxc3 Bxe3+ 19. Rxe3 Qb6 20. Nb3 Bxf5 21. Rxf5 Rac8 22. Qd2 Qb4 23. Qd1 Ne7 24. Rf1 Rc3 25. Qe1 Rc4 26. Qf2 Ng6 27. Qf3 Qb5 28. Qf2 Qd7 29. Rg3 Qe7 30. Nc5 a5 1/2-1/2

[Event "Leamington Spa 4NCL op-C 28th"]
[Site "Leamington Spa"]
[Date "2022.07.09"]
[Round "2"]
[White "Wright, George A"]
[Black "Morrish, John"]
[Result "0-1"]
[WhiteElo "1407"]
[BlackElo "1678"]
[PlyCount "60"]
[EventDate "2022.07.08"]
[EventType "swiss"]
[EventRounds "5"]
[EventCountry "ENG"]
[SourceTitle "CBM 209 Extra"]
[Source "ChessBase"]
[SourceDate "2022.09.30"]
[SourceVersion "1"]
[SourceVersionDate "2022.09.30"]
[SourceQuality "1"]

1. b3 Nf6 2. Bb2 d5 3. e3 c5 4. Bb5+ Nc6 5. Nf3 a6 6. Bxc6+ bxc6 7. 0-0 Bg4 8. h3 Bh5 9. d3 e6 10. Nbd2 Nd7 11. Rc1 Bd6 12. g4 Bg6 13. e4 Bf4 14. exd5 cxd5 15. h4 f6 16. h5 Bf7 17. c4 0-0 18. Kg2 Qc7 19. Qc2 d4 20. Rce1 e5 21. Rh1 Qc6 22. Ne4 Be6 23. Nh2 f5 24. gxf5 Rxf5 25. f3 Raf8 26. Kf1 Bxh2 27. Rxh2 Rxf3+ 28. Rf2 Rxf2+ 29. Nxf2 Qh1+ 30. Ke2 Rxf2+ 0-1